Największe miasta nordyckie z mapą - Statystyki

Ogólne statystyki
  • Ten quiz został rozwiązany 2 493 razy
  • Średni wynik to 14 z 40
Odpowiedzi na mapie
Odpowiedzi zakodowano w zielono-czerwonej skali na mapie do tego quizu, zgodnie z poniższymi procentami.
 
Statystyki odpowiedzi
Grupa Miasto Populacja % Poprawnych
Norway Oslo 634 463
98%
Finland Helsinki 648 650
95%
Sweden Sztokholm 952 058
95%
Denmark Kopenhaga 591 481
94%
Iceland Reykjavik 124 847
94%
Sweden Malmö 334 987
80%
Sweden Goteborg 565 496
64%
Norway Bergen 278 121
62%
Norway Trondheim 190 464
59%
Finland Turku 190 935
48%
Denmark Aarhus 330 639
44%
Denmark Aalborg 210 316
39%
Denmark Odense 198 972
37%
Finland Oulu 202 753
37%
Finland Tampere 234 441
35%
Norway Tromsø 72 681
35%
Sweden Uppsala 221 141
35%
Finland Lahti 119 999
33%
Norway Stavanger 130 754
33%
Finland Kuopio 118 434
23%
Finland Espoo 281 866
21%
Iceland Keflavík 17 555
21%
Sweden Jönköping 137 863
18%
Norway Kristiansand 90 562
18%
Sweden Helsingborg 143 671
17%
Sweden Linköping 158 953
16%
Sweden Norrköping 140 991
16%
Sweden Örebro 150 949
16%
Norway Drammen 64 597
14%
Iceland Akureyri 18 542
13%
Denmark Esbjerg 115 748
13%
Sweden Vasteras 150 564
11%
Finland Jyvaskyla 140 812
10%
Finland Pori 84 566
10%
Finland Vantaa 226 160
10%
Norway Fredrikstad 80 977
9%
Iceland Kópavogur 35 966
7%
Iceland Hafnarfjörður 29 409
6%
Norway Sandnes 78 624
5%
Norway Skien 72 537
5%
Nie znaleziono quizów pasujących do podanych kryteriów
Rozkład punktacji
Procent ludzi z każdym wynikiem
Percentyl według liczby udzielonych odpowiedzi
Twoja historia wyników
Nie rozwiązałeś tego quizu